000 00590nam a2200133Ia 4500
008 160809s9999 xx 000 0 und d
100 _aHassan, Mohamed.
245 4 _aThe Impact of Financial Openness on Total Factor Productivity Growth, through the Channel of Banking Credit
245 _cMahmoud Abd El Hai, Mohamed Hassan and Mariam Raouf.
260 _bInternational Research Journal of Applied Finance
260 _cJanuary 2016
650 _xFINANCE
856 _uhttps://nebula.wsimg.com/c25dd0f7a7f4afb4e1dcd906c691feb0?AccessKeyId=A83663472B839ECDD54B&disposition=0&alloworigin=1
999 _c300008
_d300008